Normal view
MARC view
- ادارة الافراد- الموارد البشرية
Entry Topical Term
001 - CONTROL NUMBER
- control field: 62454
003 - CONTROL NUMBER IDENTIFIER
- control field: JO-AjAnu
005 - DATE AND TIME OF LATEST TRANSACTION
- control field: 20230606084211.0
008 - FIXED-LENGTH DATA ELEMENTS
- fixed length control field: 230606|| aca||aabn | a|a d
040 ## - CATALOGING SOURCE
- Original cataloging agency: JO-AjAnu
- Transcribing agency: JO-AjAnu
150 ## - HEADING--TOPICAL TERM
- Topical term or geographic name entry element: ادارة الافراد- الموارد البشرية
670 ## - SOURCE DATA FOUND
- Source citation: Work cat.: (JO-AjAnu)31849: إعداد الصمادي، مها عدنان محمود؛ إشراف بلال احمد المثاني, author 62453, دور صيانة الموارد البشرية في الحد من مقاومة التغيير في شركة كهرباء اربد في الأردن= The Role of Human Resourcees Maintenance in Reducing Resistance to Change in Irbid Electricity company in jordan